banner-ar

الثروة المعدنية وحقوق الدولة والفرد فيها دراسة فقهية / (Record no. 29377)

MARC details
000 -الفاتح
حقل البيانات ثابتة الطول 00729nam a2200217Ia 4500
008 - عناصر البيانات ثابتة الطول - معلومات عامة
حقل البيانات ثابتة الطول 140319s9999 xx 000 0 ara d
040 ## - مصدر الفهرسة
وكالة الفهرسة الأصلية GCL /
وكالة النسخ GCL
082 04 - رقم تصنيف ديوى العشرى
رقم التصنيف 339.49
رقم المادة م ث
100 1# - المدخل الرئيسى - إسم شخصى
الإسم الشخصى محمود المظفر
245 10 - بيان العنوان
العنوان الثروة المعدنية وحقوق الدولة والفرد فيها دراسة فقهية /
بيان المسئوليه,etc محمود المظفر
260 ## - PUBLICATION, DISTRIBUTION, ETC. (IMPRINT)
تاريخ النشر أو التوزيع 1990
300 ## - الوصف المادى
التعداد 502 ص
490 ## - بيان السلسلة
عنوان السلسلة الكتب القانونية
رقم المجلد/ التعيين التسلسلي 0
650 04 - المدخل الاضافى بالموضوع-مصطلح موضوعى
مصطلح موضوعي القانون
650 04 - المدخل الاضافى بالموضوع-مصطلح موضوعى
مصطلح موضوعي مصر
650 04 - المدخل الاضافى بالموضوع-مصطلح موضوعى
مصطلح موضوعي قانون الملكية
650 04 - المدخل الاضافى بالموضوع-مصطلح موضوعى
مصطلح موضوعي الثروة المعدنية
650 04 - المدخل الاضافى بالموضوع-مصطلح موضوعى
مصطلح موضوعي الثروة النباتية
942 ## - عناصر المدخل الإضافي( كوها)
مصدر التصنيف او مخطط الترفيف Dewey Decimal Classification
Koha [default] item type كتاب
260 ## - PUBLICATION, DISTRIBUTION, ETC. (IMPRINT)
-- [S.N] :
-- منشاة المعارف الاسلامية ،
Holdings
حالة التراجع حالة الفقد حالة تلف ليس للاعارة المكان المؤقت الموقع الحالى تاريخ الاكتساب اجمالي اﻻعارات رقم الطلب الباركود تاريخ اخر مشاهدة تاريخ تفعيل السعر نوع وعاء كوها
        مكتبة القاهرة الكبرى مكتبة القاهرة الكبرى 03/26/2014   339.49\م ث 68134 03/26/2014 03/26/2014 كتاب

Powered By

EGPV